000 00252nam a2200097Ia 4500
008 190216s9999||||xx |||||||||||||| ||und||
100 _aSenth Metha
245 2 _aA Simple States Of Business Organisation
260 _bHimalaya Publishing House
942 _cBK
999 _c4681
_d4681